[Event "Xtracon Chess Open 2018"]
[Site "Elsinore"]
[Date "2018.07.27"]
[Round "8"]
[White "Johansen, Oivind"]
[Black "Pavlov, Mikhail"]
[Result "0-1"]
[WhiteElo "2105"]
[BlackElo "1830"]
[EventDate "2018.07.21"]
[WhiteFideId "1501119"]
[BlackFideId "44126573"]

1.d4 Nf6 2.c4 c5 3.Nf3 cxd4 4.Nxd4 g6 5.Nc3 Bg7 6.e4 d6 7.Be2 O-O 8.O-O a6
9.Be3 b6 10.Rc1 Bb7 11.f3 Nbd7 12.Qd2 Re8 13.Nd5 Rc8 14.Qb4 Rb8 15.Rfd1 h5
16.Rc2 Kh8 17.Bf1 Kg8 18.Qa4 Nc5 19.Qa3 a5 20.b4 Na6 21.bxa5 bxa5 22.Nb3 
Nb4 23.Rcc1 Nd7 24.Nxa5 Nxd5 25.Nxb7 Rxb7 26.cxd5 Bb2 27.Qa6 Bxc1 28.Rxc1 
Qb8 29.Qc6 Ne5 30.Qa4 Rb4 31.Qd1 Qa8 32.Ra1 Qa3 33.Bc1 Qc3 34.Bd2 Qd4+ 35.
Kh1 Rb2 36.Bf4 Qxd1 37.Rxd1 Rxa2 38.h4 Rea8 39.Bxe5 dxe5 40.Kh2 Ra1 41.
Rxa1 Rxa1 42.Bb5 Kg7 43.Bd7 Ra7 44.Bc8 Rc7 45.Bh3 Kh6 46.Kg3 g5 47.Bf5 Rc1
48.Bd7 Rh1 49.Bh3 f6 50.hxg5+ Kxg5 51.Be6 h4+ 52.Kf2 Kf4 53.Bd7 Rb1 0-1

[Event "Xtracon Chess Open 2018"]
[Site "Elsinore"]
[Date "2018.07.27"]
[Round "8"]
[White "Klings, Peter"]
[Black "Hansen, Simon L."]
[Result "1-0"]
[WhiteElo "2102"]
[BlackElo "1816"]
[EventDate "2018.07.21"]
[WhiteFideId "4631234"]
[BlackFideId "1446894"]

1.Nf3 c5 2.c4 g6 3.d4 cxd4 4.Nxd4 Bg7 5.e4 Nc6 6.Be3 Qb6 7.Nb5 Qa5+ 8.Bd2 
Qd8 9.Bc3 Nf6 10.Nd2 d6 11.Be2 O-O 12.O-O Bd7 13.Kh1 Rc8 14.Rb1 a6 15.Na3 
Qc7 16.Nc2 Rfd8 17.Ne3 e6 18.f4 Qb6 19.Nc2 Qc7 20.Qe1 Rb8 21.Qh4 Ne8 22.
Rf3 Bxc3 23.Rxc3 Bc8 24.Rh3 f5 25.exf5 exf5 26.Bf3 Qe7 27.Qf2 Nf6 28.Re1 
Qf7 29.Bd1 Be6 30.Nd4 Nxd4 31.Qxd4 d5 32.c5 Ne4 33.Nf3 Qe7 34.b4 Qg7 35.
Ne5 Rbc8 36.Kg1 Rc7 37.Rd3 Qe7 38.Rh3 Qg7 39.Rd3 Qe7 40.Nf3 Qg7 41.Bb3 
Qxd4+ 42.Rxd4 Bf7 43.Ne5 Kf8 44.Nxf7 Rxf7 45.Rxd5 Rfd7 46.Red1 Ke7 47.
Rxd7+ Rxd7 48.Rxd7+ Kxd7 49.Bd5 Nc3 50.Bxb7 Nxa2 51.Bxa6 Nxb4 52.Bb5+ Nc6 
53.Kf2 Kc7 54.Ke3 Na7 55.Ba4 Nc8 56.Kd4 Ne7 57.Ke5 Kd8 58.g3 Ng8 59.Ke6 
Nh6 60.h3 1-0

[Event "Xtracon Chess Open 2018"]
[Site "Elsinore"]
[Date "2018.07.27"]
[Round "8"]
[White "Woltery, Nicolai"]
[Black "Mejvik, Jacob"]
[Result "0-1"]
[WhiteElo "1715"]
[BlackElo "2099"]
[EventDate "2018.07.21"]
[WhiteFideId "436887"]
[BlackFideId "1710621"]

1.d4 d5 2.c4 e6 3.Nc3 Bb4 4.cxd5 exd5 5.Bf4 c6 6.e3 Ne7 7.Bd3 Bf5 8.Nf3 
Bxd3 9.Qxd3 Ng6 10.Bg3 Nd7 11.Nd2 Nf6 12.h3 O-O 13.O-O Nh5 14.Bh2 f5 15.a3
Bd6 16.Bxd6 Qxd6 17.Nf3 Rae8 18.Rfe1 Qf6 19.Qd2 Nh4 20.Nxh4 Qxh4 21.f4 Qf6
22.Qf2 g5 23.g3 Kh8 24.Kh2 Rg8 25.Rg1 Qh6 26.Rg2 Nf6 27.Kg1 Qxh3 28.Rh2 
Qg4 29.Kg2 gxf4 30.Qxf4 Qxf4 31.exf4 Re3 32.Rh3 Ne4 33.Nxe4 Rxe4 34.Rah1 
Rg7 35.Rh5 Rf7 36.g4 Rxf4 37.g5 Rg7 38.R1h3 Rxd4 39.Kf3 Kg8 40.Rh6 Rxg5 
41.Rxh7 Rd3+ 42.Kf4 Rxh3 43.Rxh3 Rg2 44.Rb3 b6 45.Kxf5 Kf7 46.Rh3 Ke7 47.
Ke5 Re2+ 48.Kd4 Re4+ 49.Kd3 Kd6 50.Rh6+ Re6 51.Rh7 a5 52.Rb7 Kc5 53.b3 Rh6
54.Rb8 Rh3+ 55.Kc2 b5 56.Ra8 Kb6 57.Rd8 a4 58.bxa4 Rxa3 59.axb5 Kxb5 60.
Rb8+ Kc5 61.Rh8 Rg3 62.Rh5 Kc4 63.Rh4+ d4 64.Rh5 Rg2+ 65.Kd1 c5 66.Rh7 Kc3
67.Ra7 Rg1+ 68.Ke2 d3+ 69.Ke3 Re1+ 70.Kf2 Re2+ 71.Kf1 Rb2 72.Ra3+ Kd4 73.
Ra4+ c4 74.Ra8 Kc3 75.Ra3+ Kd2 76.Ra7 c3 77.Rh7 c2 78.Rh2+ Kc3 79.Rxc2+ 
Rxc2 80.Ke1 Rh2 81.Kf1 d2 82.Kg1 Re2 83.Kf1 d1=Q# 0-1

[Event "Xtracon Chess Open 2018"]
[Site "Elsinore"]
[Date "2018.07.27"]
[Round "8"]
[White "Besq, Alexander Le"]
[Black "Larsen, Preben R."]
[Result "1-0"]
[WhiteElo "2097"]
[BlackElo "1803"]
[EventDate "2018.07.21"]
[WhiteFideId "1437089"]
[BlackFideId "1425790"]

1.e4 e5 2.Nf3 Nc6 3.Bb5 a6 4.Ba4 Nf6 5.O-O d6 6.Re1 Bd7 7.c3 b5 8.Bc2 Be7 
9.d4 exd4 10.cxd4 O-O 11.Nc3 Bg4 12.Be3 b4 13.Ne2 d5 14.e5 Ne4 15.Nd2 Bxe2
16.Qxe2 Nxd2 17.Qxd2 g6 18.Bh6 b3 19.Bxf8 Qxf8 20.Bxb3 Bb4 21.Qc1 Nxd4 22.
Re3 Nxb3 23.Rxb3 c5 24.a3 Ba5 25.Rd3 Rd8 26.Qd1 d4 27.Qa4 Bc7 28.f4 a5 29.
Rc1 Rc8 30.Qd7 Bb6 31.Qb5 Rb8 32.Qc6 Qd8 33.e6 f6 34.Re1 Qe7 35.Rb3 Bc7 
36.Rxb8+ Bxb8 37.Qc8+ Qf8 38.e7 Qxc8 39.e8=Q+ Qxe8 40.Rxe8+ Kf7 41.Rxb8 
Ke6 42.Rd8 Kf5 43.Rd5+ Kxf4 44.Kf2 1-0

[Event "Xtracon Chess Open 2018"]
[Site "Elsinore"]
[Date "2018.07.27"]
[Round "8"]
[White "Nielsen, Morten Majlund"]
[Black "Solberg, Joachim"]
[Result "0-1"]
[WhiteElo "1959"]
[BlackElo "2263"]
[EventDate "2018.07.21"]
[WhiteFideId "1445448"]
[BlackFideId "1502930"]

1.e4 c5 2.Nf3 Nc6 3.d4 cxd4 4.Nxd4 Nf6 5.Nc3 e5 6.Ndb5 d6 7.Bg5 a6 8.Na3 
b5 9.Nd5 Be7 10.Bxf6 Bxf6 11.c3 O-O 12.Nc2 Bg5 13.h4 Bh6 14.a4 bxa4 15.
Rxa4 a5 16.Bc4 Bb7 17.Nce3 Bxe3 18.Nxe3 Ne7 19.Qg4 Bc6 20.Ra3 Rb8 21.b3 d5
22.exd5 Nxd5 23.Qf3 Nxe3 24.Qxe3 Bxg2 25.Rg1 Bd5 26.Bxd5 Qxd5 27.Rxg7+ Kh8
28.Rg3 Qh1+ 29.Ke2 Rbd8 30.Qg5 Qd1+ 31.Ke3 Qd3# 0-1

[Event "Xtracon Chess Open 2018"]
[Site "Elsinore"]
[Date "2018.07.27"]
[Round "8"]
[White "Ingvason, Johann"]
[Black "Hyldkrog, Lars"]
[Result "1-0"]
[WhiteElo "2189"]
[BlackElo "1961"]
[EventDate "2018.07.21"]
[WhiteFideId "2301431"]
[BlackFideId "1402781"]

1.e4 e6 2.d4 d5 3.Nc3 Bb4 4.e5 c5 5.Qg4 Ne7 6.dxc5 Bxc3+ 7.bxc3 Qc7 8.Nf3 
Nd7 9.Be3 Nxe5 10.Nxe5 Qxe5 11.Qd4 Qxd4 12.cxd4 Bd7 13.f3 O-O 14.Bd3 Nc6 
15.c3 e5 16.O-O Rfe8 17.Rab1 Rab8 18.Rfe1 f6 19.Bf2 exd4 20.Rxe8+ Bxe8 21.
cxd4 Na5 22.Bg3 Rc8 23.Bf5 Rc6 24.Be1 b6 25.Bxa5 bxa5 26.Rb7 a6 27.Bd7 
Bxd7 28.Rxd7 Re6 29.Kf2 Kf8 30.g4 a4 31.a3 h6 32.h4 g6 33.Rxd5 Ke7 34.g5 
hxg5 35.hxg5 a5 36.gxf6+ Rxf6 37.Ke3 Rf8 38.Rd6 Rb8 39.Rb6 Rxb6 40.cxb6 
Kd7 41.d5 Kd6 42.Ke4 g5 43.Kd4 1-0

[Event "Xtracon Chess Open 2018"]
[Site "Elsinore"]
[Date "2018.07.27"]
[Round "8"]
[White "Schrodt, Sebastian"]
[Black "Rossen, Claus"]
[Result "1/2-1/2"]
[WhiteElo "1955"]
[BlackElo "2168"]
[EventDate "2018.07.21"]
[WhiteFideId "24675563"]
[BlackFideId "1403222"]

1.Nf3 Nf6 2.c4 g6 3.b4 Bg7 4.Bb2 O-O 5.g3 d5 6.cxd5 Nxd5 7.Bxg7 Kxg7 8.Qb3
Qd6 9.a3 a5 10.e4 Nb6 11.bxa5 N6d7 12.Nc3 Ne5 13.Nb5 Qf6 14.Nxe5 Qxe5 15.
Qc3 Qxc3 16.Nxc3 Nc6 17.a6 Nd4 18.axb7 Bxb7 19.Ra2 Rxa3 20.Rxa3 Nc2+ 21.
Kd1 Nxa3 22.Bd3 f5 23.Re1 Rd8 24.Ke2 fxe4 25.Bxe4 Bxe4 26.Nxe4 Nc4 27.d3 
Nd6 28.Rc1 Nxe4 29.dxe4 Rc8 30.Rc6 Kf7 31.f4 Ke8 32.f5 Kd7 33.Ra6 gxf5 34.
exf5 Rf8 35.Rh6 Rxf5 36.Rxh7 c5 37.h4 c4 38.Kd2 Rf2+ 39.Kc1 Ke6 40.g4 Kf6 
41.g5+ Kg6 42.Rxe7 Rh2 43.Re6+ Kg7 44.Rh6 c3 45.Rc6 Rxh4 46.Rxc3 1/2-1/2

[Event "Xtracon Chess Open 2018"]
[Site "Elsinore"]
[Date "2018.07.27"]
[Round "8"]
[White "Petersson, Baldur Teodor"]
[Black "Jacobsen, Heidrikur T."]
[Result "1-0"]
[WhiteElo "2153"]
[BlackElo "1918"]
[EventDate "2018.07.21"]
[WhiteFideId "2309157"]
[BlackFideId "7200340"]

1.e4 d6 2.Nc3 g6 3.g3 Bg7 4.Bg2 c5 5.d3 Nc6 6.f4 Nd4 7.Nd5 e6 8.Ne3 Ne7 9.
c3 Ndc6 10.Nh3 Rb8 11.O-O O-O 12.g4 f5 13.gxf5 exf5 14.exf5 Nxf5 15.Nxf5 
Rxf5 16.Be4 Rf6 17.f5 d5 18.Bg2 Rxf5 19.Rxf5 gxf5 20.Bf4 Ra8 21.Qh5 Be6 
22.Ng5 Qf6 23.Re1 Bf7 24.Qxf7+ Qxf7 25.Nxf7 Kxf7 26.Bxd5+ Kg6 27.Re6+ Kh5 
28.Bf3+ Kh4 29.Kg2 1-0

[Event "Xtracon Chess Open 2018"]
[Site "Elsinore"]
[Date "2018.07.27"]
[Round "8"]
[White "Lahlum, Hans Olav"]
[Black "Christensen, Jacob Foged"]
[Result "1-0"]
[WhiteElo "2122"]
[BlackElo "1916"]
[EventDate "2018.07.21"]
[WhiteFideId "1501348"]
[BlackFideId "1439073"]

1.d4 d5 2.c4 c6 3.Nf3 Nf6 4.Nc3 e6 5.e3 Nbd7 6.Qc2 Be7 7.Bd3 b6 8.e4 dxe4 
9.Nxe4 Bb7 10.O-O Nxe4 11.Bxe4 Nf6 12.Bd3 O-O 13.Rd1 h6 14.Bf4 Qc8 15.Qd2 
c5 16.Re1 cxd4 17.Bxh6 Rd8 18.Bxg7 Kxg7 19.Qg5+ Kf8 20.Qh6+ Ke8 21.Ne5 Nd7
22.Nxf7 Nf8 23.Ne5 Rd6 24.Qh5+ Kd8 25.Nf7+ Kd7 26.Nxd6 Bxd6 27.Qf7+ Be7 
28.Bf5 Kd6 29.Qg7 Qc5 30.Be4 Kc7 31.b4 Qxb4 32.Bxb7 Kxb7 33.Qxd4 Rd8 34.
Qe4+ Kb8 35.h4 Qc5 36.Rad1 Rc8 37.Rc1 Rd8 38.Red1 Rc8 39.g3 Qh5 40.Qf4+ 
Kb7 41.Kg2 Qg6 42.Qf3+ Kb8 43.Qf4+ Kb7 44.Qf3+ Kb8 45.h5 Qg5 46.Rc2 e5 47.
Qf7 Bc5 48.Rd5 Rc7 49.Qe8+ Kb7 50.Rd8 Qf5 51.Rb8+ Ka6 52.Qb5# 1-0

[Event "Xtracon Chess Open 2018"]
[Site "Elsinore"]
[Date "2018.07.27"]
[Round "8"]
[White "Munshi, Aditya"]
[Black "Molvig, Henrik"]
[Result "1/2-1/2"]
[WhiteElo "1953"]
[BlackElo "2121"]
[EventDate "2018.07.21"]
[WhiteFideId "436720"]
[BlackFideId "1402625"]

1.e4 c5 2.Nf3 d6 3.Bb5+ Nd7 4.d4 cxd4 5.Qxd4 Nf6 6.Nc3 a6 7.Bxd7+ Bxd7 8.
Bg5 Bc6 9.O-O e6 10.Rad1 Be7 11.Rfe1 O-O 12.Bxf6 gxf6 13.Qe3 Kh8 14.Nd4 
Bd7 15.Qh6 Rg8 16.Rd3 Rg6 17.Qd2 Qg8 18.g3 Rc8 19.Nde2 Rg5 20.Nf4 Rgc5 21.
a3 1/2-1/2

[Event "Xtracon Chess Open 2018"]
[Site "Elsinore"]
[Date "2018.07.27"]
[Round "8"]
[White "Nielsen, Thomas Bach"]
[Black "Voll, Oddvar U"]
[Result "1-0"]
[WhiteElo "2111"]
[BlackElo "1915"]
[EventDate "2018.07.21"]
[WhiteFideId "1401785"]
[BlackFideId "1533827"]

1.d4 d6 2.c4 Nf6 3.Nc3 Nbd7 4.e4 e5 5.Nf3 c6 6.Be2 Be7 7.O-O Qc7 8.Rb1 h6 
9.b4 g5 10.dxe5 dxe5 11.c5 Nf8 12.Bb2 Ng6 13.Qc2 Be6 14.a3 g4 15.Ne1 Nh5 
16.Nd1 Nhf4 17.Bc4 h5 18.Ne3 Qc8 19.Rd1 O-O 20.Nf5 Bf6 21.Rd6 Rd8 22.Bxe6 
fxe6 23.Rxd8+ Qxd8 24.Nd6 b6 25.Nd3 Nxd3 26.Qxd3 Nf4 27.Qc4 b5 28.Qb3 a5 
29.g3 Nh3+ 30.Kg2 Ng5 31.Bc1 a4 32.Qa2 Qd7 33.Bxg5 Bxg5 34.f4 gxf3+ 35.
Rxf3 Rf8 36.Rxf8+ Kxf8 37.Qf2+ Kg8 38.Qf3 Qh7 39.h4 Bc1 40.Qf6 Qg7 41.
Qxe6+ Kh7 42.Nf5 Qg4 43.Kf2 Bxa3 44.Qe7+ Kh8 45.Qxe5+ Kh7 46.Qc3 Bxb4 47.
Qxb4 a3 48.Qb3 Kg6 49.Ke3 Kf6 50.Qxa3 Qd1 51.Qc3+ Ke6 52.Nd4+ Kd7 53.Ne2 
Qa4 54.Qd4+ 1-0

[Event "Xtracon Chess Open 2018"]
[Site "Elsinore"]
[Date "2018.07.27"]
[Round "8"]
[White "Skjoldager, Flemming"]
[Black "Petersen, Steen"]
[Result "0-1"]
[WhiteElo "1902"]
[BlackElo "2111"]
[EventDate "2018.07.21"]
[WhiteFideId "1406515"]
[BlackFideId "1402706"]

1.b3 Nc6 2.Bb2 e5 3.Nf3 e4 4.Nd4 Nf6 5.e3 Nxd4 6.Bxd4 d5 7.c4 c6 8.cxd5 
Nxd5 9.a3 Bf5 10.Nc3 Nc7 11.f3 Bd6 12.g3 c5 13.Bxg7 Qg5 14.Be5 Bxe5 15.f4 
Bxf4 16.exf4 Qe7 17.Bg2 O-O-O 18.Qe2 Rhe8 19.O-O Qd7 20.Rf2 Qd4 21.Rc1 Bd7
22.Qe3 f5 23.Bf1 Kb8 24.Ne2 Qxe3 25.dxe3 Nd5 26.Rxc5 Nxe3 27.Bh3 Bc8 28.
Nc3 Rd3 29.Bf1 Nxf1 30.Rxf1 b6 31.Rc4 Be6 32.Rc1 Bxc4 33.bxc4 Rc8 34.Nb5 
0-1

[Event "Xtracon Chess Open 2018"]
[Site "Elsinore"]
[Date "2018.07.27"]
[Round "8"]
[White "Shehzad, Shazil"]
[Black "Koellner, Christof"]
[Result "0-1"]
[WhiteElo "1896"]
[BlackElo "2105"]
[EventDate "2018.07.21"]
[WhiteFideId "1521942"]
[BlackFideId "4635787"]

1.e4 d6 2.d4 Nf6 3.Nc3 e5 4.Nge2 exd4 5.Nxd4 Be7 6.g3 O-O 7.Bg2 Re8 8.O-O 
c6 9.h3 Bf8 10.Be3 Nbd7 11.Nde2 Qc7 12.g4 h6 13.Ng3 Ne5 14.b3 g6 15.f4 
Ned7 16.h4 Bg7 17.g5 Nh5 18.Nge2 d5 19.Bd4 dxe4 20.Nxe4 Bxd4+ 21.Qxd4 Qb6 
22.Qxb6 Nxb6 23.Bf3 Nd5 24.c4 Ne3 25.Rf2 Bg4 26.N2c3 Bxf3 27.Rxf3 Ng4 28.
gxh6 Nxh6 29.Ng3 Nxg3 30.Rxg3 Nf5 31.Rh3 Kg7 32.Rd1 Rad8 33.Rdd3 Kh6 34.
Kf2 Kh5 35.Ne4 Kh6 36.Ng5 Kg7 37.Rxd8 Rxd8 38.Nf3 Rd1 39.Ke2 Rb1 40.Kd3 
Rf1 41.a4 Kh6 42.Ke2 Rb1 43.Nd2 Rg1 44.Kf2 Rg4 45.Kf3 Kh5 46.Ne4 Rxh4 47.
Nf6+ Kh6 48.Rxh4+ Nxh4+ 49.Kg4 Nf5 50.Ne8 c5 51.a5 a6 52.Kh3 Nd4 53.Nd6 
Nxb3 54.Nxb7 Kg7 55.Kg4 Kf8 56.Kf3 f5 57.Ke3 Ke7 58.Kd3 Kd7 59.Kc3 Kc7 60.
Kxb3 Kxb7 61.Kc3 Kc6 62.Kd3 Kd6 63.Ke3 Ke6 64.Kf3 Kf6 65.Kg3 g5 66.fxg5+ 
Kxg5 67.Kf3 Kf6 68.Kf4 Ke6 69.Kf3 Ke5 70.Ke3 f4+ 71.Kf3 Kd4 72.Kxf4 Kxc4 
73.Ke4 Kb3 74.Kd5 c4 75.Kc5 c3 76.Kb6 c2 77.Kxa6 c1=Q 78.Kb7 Qh1+ 79.Kb8 
Qh2+ 80.Kb7 Qg2+ 81.Kb8 Qc6 82.Ka7 Qc7+ 83.Ka6 Ka3 84.Kb5 Qb7+ 0-1

[Event "Xtracon Chess Open 2018"]
[Site "Elsinore"]
[Date "2018.07.27"]
[Round "8"]
[White "Kittilsen, Sigurd"]
[Black "Jensen, Tobias Ilsoe"]
[Result "1/2-1/2"]
[WhiteElo "1893"]
[BlackElo "2102"]
[EventDate "2018.07.21"]
[WhiteFideId "1515624"]
[BlackFideId "1437127"]

1.e4 c5 2.Nf3 d6 3.d4 cxd4 4.Nxd4 Nf6 5.Nc3 a6 6.Be3 e5 7.Nb3 Be6 8.f3 Be7
9.Qd2 O-O 10.O-O-O Nbd7 11.g4 b5 12.g5 b4 13.Ne2 Ne8 14.f4 a5 15.f5 a4 16.
fxe6 axb3 17.exf7+ Rxf7 18.cxb3 Rxa2 19.Ng3 d5 20.Qxd5 Ra1+ 21.Kc2 Rxd1 
22.Qxd1 Nd6 23.Nf5 Qc7+ 24.Kb1 Qc6 25.Nxd6 Bxd6 26.Qg4 Kh8 27.Bc4 Rf4 28.
Bxf4 Qxe4+ 29.Ka2 Qa8+ 30.Kb1 Qe4+ 31.Ka2 Qa8+ 1/2-1/2

[Event "Xtracon Chess Open 2018"]
[Site "Elsinore"]
[Date "2018.07.27"]
[Round "8"]
[White "Rasmussen, Jonas H"]
[Black "Christiansen, Jens Jorgen"]
[Result "1/2-1/2"]
[WhiteElo "1892"]
[BlackElo "2086"]
[EventDate "2018.07.21"]
[WhiteFideId "1511637"]
[BlackFideId "1401670"]

1.d4 Nf6 2.Nf3 e6 3.g3 b5 4.Bg2 Bb7 5.O-O c5 6.a4 b4 7.c4 cxd4 8.Nxd4 Bxg2
9.Kxg2 Be7 10.Nd2 Nc6 11.N2f3 O-O 12.b3 Nxd4 13.Nxd4 Rc8 14.Bb2 d5 15.cxd5
Qxd5+ 16.Nf3 Qe4 17.e3 Rfd8 18.Qb1 Qb7 19.Rc1 Ne4 20.Rxc8 Rxc8 21.Qd1 Rd8 
22.Qe2 Nc3 23.Qc4 Rc8 24.Qd3 Bf6 25.Rc1 h6 26.Re1 Rd8 27.Qc2 Qd5 28.e4 Qd3
29.Qxd3 Rxd3 30.e5 Be7 31.Rc1 Bc5 32.Ne1 Rd2 33.Rc2 Rxc2 34.Nxc2 Nd5 35.
Bd4 Bb6 36.Bxb6 axb6 37.Nd4 Kf8 1/2-1/2

[Event "Xtracon Chess Open 2018"]
[Site "Elsinore"]
[Date "2018.07.27"]
[Round "8"]
[White "Jensen, Thore Nyboe"]
[Black "Brink, Nienke van den"]
[Result "1-0"]
[WhiteElo "2072"]
[BlackElo "1889"]
[EventDate "2018.07.21"]
[WhiteFideId "1405349"]
[BlackFideId "1452568"]

1.e4 e6 2.d4 d5 3.Nc3 dxe4 4.Nxe4 Nd7 5.Ne2 Ngf6 6.N2g3 Be7 7.Bd3 e5 8.Be3
exd4 9.Bxd4 c5 10.Bc3 Nxe4 11.Nxe4 Nf6 12.Bb5+ Bd7 13.Nxf6+ Bxf6 14.Bxf6 
Qa5+ 15.Bc3 Qxb5 16.Qh5 O-O-O 17.O-O-O f6 18.Rd5 b6 19.Qf7 Qa4 20.Rhd1 
Qf4+ 21.Kb1 Qg4 22.f3 Qe6 23.Qxg7 Bc6 24.Rxd8+ Rxd8 25.Rxd8+ Kxd8 26.Qxf6+
Qxf6 27.Bxf6+ Ke8 28.Kc1 b5 29.Kd2 Kf7 30.Bd8 c4 31.Kc3 a6 32.Kb4 Kg6 33.
Ka5 Bb7 34.Kb6 Bc8 35.c3 Kf5 36.Kc7 Be6 37.Kb7 Kf4 38.Kxa6 Bd7 39.Bb6 Bc6 
40.Bf2 Be8 41.Kb6 Bd7 42.Kc5 Be8 43.b3 cxb3 44.axb3 Bf7 45.c4 bxc4 46.bxc4
Ke5 47.Bg3+ Kf6 48.Bf4 Ke7 49.Kb5 Kd7 50.c5 Bd5 51.Kb4 Bb7 52.Bd6 Bd5 53.
Kc3 h5 54.Kd4 Bc6 55.Ke5 Bb5 56.g4 Bc6 57.gxh5 1-0

[Event "Xtracon Chess Open 2018"]
[Site "Elsinore"]
[Date "2018.07.27"]
[Round "8"]
[White "Myrheim, Hakon Abeland"]
[Black "Jessen, Alexander"]
[Result "1/2-1/2"]
[WhiteElo "1888"]
[BlackElo "2071"]
[EventDate "2018.07.21"]
[WhiteFideId "1526820"]
[BlackFideId "1437917"]

1.e4 e6 2.d4 d5 3.Nd2 Nf6 4.e5 Nfd7 5.Bd3 c5 6.c3 Nc6 7.Ngf3 cxd4 8.cxd4 
f6 9.exf6 Nxf6 10.O-O Bd6 11.b3 O-O 12.Bb2 Bd7 13.Ne5 Be8 14.a3 Bh5 15.Qb1
Qb6 16.Ndf3 Na5 17.Ng5 Nxb3 18.Bxh7+ Kh8 19.Bg6 Nxd4 20.Nef7+ Rxf7 21.
Nxf7+ Kg8 22.Bxd4 Bxh2+ 23.Kxh2 Qxd4 24.Bxh5 Qh4+ 25.Kg1 Qxh5 26.Qb3 Qxf7 
27.Rab1 b6 28.Rbc1 Rf8 29.Qe3 Qe7 30.Rfe1 Re8 31.Qe5 Ng4 32.Qh5 Nf6 33.Qe5
Ng4 34.Qh5 Nf6 35.Qe5 1/2-1/2

[Event "Xtracon Chess Open 2018"]
[Site "Elsinore"]
[Date "2018.07.27"]
[Round "8"]
[White "Salerno, Christian"]
[Black "Smeby, Ole"]
[Result "0-1"]
[WhiteElo "2070"]
[BlackElo "1887"]
[EventDate "2018.07.21"]
[WhiteFideId "1310810"]
[BlackFideId "1503677"]

1.e4 d5 2.exd5 Qxd5 3.Nc3 Qa5 4.d4 Nf6 5.Nf3 Bf5 6.Bc4 e6 7.O-O c6 8.Re1 
Bb4 9.Bd2 O-O 10.a3 Bxc3 11.Bxc3 Qc7 12.b4 Nbd7 13.Bb3 b5 14.h3 Nb6 15.Ne5
Be4 16.Rxe4 Nxe4 17.Be1 Nf6 18.Qe2 Nbd5 19.Bd2 Rfe8 20.Qf3 Rac8 21.Re1 Qb6
22.c3 a5 23.g4 Re7 24.Bc2 axb4 25.axb4 Qc7 26.Bg5 Ree8 27.h4 Ra8 28.Qd3 
Kf8 29.Bxf6 gxf6 30.Qxh7 fxe5 31.Rxe5 f6 32.Qh8+ Ke7 0-1

[Event "Xtracon Chess Open 2018"]
[Site "Elsinore"]
[Date "2018.07.27"]
[Round "8"]
[White "Rasmussen, Henrik Egede"]
[Black "Liabotro, Ola"]
[Result "0-1"]
[WhiteElo "1871"]
[BlackElo "2066"]
[EventDate "2018.07.21"]
[WhiteFideId "1417800"]
[BlackFideId "1512382"]

1.e4 d5 2.Nc3 d4 3.Nce2 e5 4.Ng3 Be6 5.Nf3 f6 6.Bb5+ Nd7 7.d3 c6 8.Ba4 
Qa5+ 9.c3 dxc3 10.O-O Nc5 11.Bc2 O-O-O 12.a4 cxb2 13.Bxb2 Nh6 14.Qe2 Bg4 
15.Rfd1 Ne6 16.Bc1 Nd4 17.Qd2 Qxd2 18.Rxd2 Bxf3 19.gxf3 Nxf3+ 20.Kg2 Nxd2 
21.Bxd2 Nf7 22.Nf5 Nd6 23.Ne3 b6 24.Bc3 Nb7 25.Rd1 Bc5 26.Nf5 Kc7 27.Kf1 
Rd7 28.Bb3 g6 29.Nh6 Rhd8 30.Ke2 Bf8 31.Ng4 Nc5 32.Bc2 Bg7 33.f3 Ne6 34.
Ne3 Bh6 35.Bb1 Nf4+ 0-1

[Event "Xtracon Chess Open 2018"]
[Site "Elsinore"]
[Date "2018.07.27"]
[Round "8"]
[White "Tenold, Andreas"]
[Black "Nielsen, Klaus"]
[Result "1/2-1/2"]
[WhiteElo "1865"]
[BlackElo "2057"]
[EventDate "2018.07.21"]
[WhiteFideId "1525840"]
[BlackFideId "1410210"]

1.e4 c5 2.Nf3 Nc6 3.Bb5 g6 4.Bxc6 dxc6 5.O-O Bg7 6.h3 Nf6 7.Re1 O-O 8.d3 
Qc7 9.Be3 c4 10.dxc4 Nxe4 11.Bd4 Bxd4 12.Qxd4 Nf6 13.Nc3 Bf5 14.Re2 Rfe8 
15.Rd1 a6 16.Qc5 Qf4 17.Qd4 Qd6 18.Qb6 Nd7 19.Qd4 Nf6 20.Qb6 Nd7 21.Qd4 
Nf6 22.Qb6 1/2-1/2

[Event "Xtracon Chess Open 2018"]
[Site "Elsinore"]
[Date "2018.07.27"]
[Round "8"]
[White "Berg, Margar M."]
[Black "Schultz-Pedersen, Jesper"]
[Result "0-1"]
[WhiteElo "1859"]
[BlackElo "2057"]
[EventDate "2018.07.21"]
[WhiteFideId "7200021"]
[BlackFideId "1404482"]

1.d4 Nc6 2.e4 d5 3.Bb5 a6 4.Bxc6+ bxc6 5.Nc3 e6 6.a3 a5 7.Nf3 Ba6 8.Be3 
Nf6 9.e5 Nd7 10.Na4 Qb8 11.Nd2 Be7 12.Nb3 O-O 13.h4 c5 14.dxc5 Nxe5 15.h5 
Nc4 16.h6 Nxe3 17.fxe3 g6 18.Qd4 f6 19.Nc3 Bc4 20.Kf2 e5 21.Qd1 c6 22.Na4 
Ra7 23.Rc1 f5 24.Nb6 f4 25.Qg4 fxe3+ 26.Kg3 e4+ 27.Kh3 Rf5 28.g3 Bxb3 29.
cxb3 Qf8 30.Rc2 Bxc5 31.Na4 Bd6 32.Nc3 Rh5+ 33.Kg2 Qf3+ 34.Qxf3 exf3+ 35.
Kxf3 Rxh1 0-1

[Event "Xtracon Chess Open 2018"]
[Site "Elsinore"]
[Date "2018.07.27"]
[Round "8"]
[White "Hjornevik, Knut J"]
[Black "Skjoldager, Mikael"]
[Result "0-1"]
[WhiteElo "1860"]
[BlackElo "2057"]
[EventDate "2018.07.21"]
[WhiteFideId "1505157"]
[BlackFideId "1434314"]

1.d4 Nf6 2.c4 g6 3.Nc3 d5 4.cxd5 Nxd5 5.e4 Nxc3 6.bxc3 Bg7 7.Bg5 c5 8.Rc1 
O-O 9.d5 h6 10.Be3 Qc7 11.Qd2 Kh7 12.Nf3 e5 13.Ng1 Nd7 14.c4 Nf6 15.f3 Ne8
16.Bd3 Nd6 17.Ne2 Bd7 18.Nc3 Rae8 19.Qf2 b6 20.g4 f5 21.gxf5 gxf5 22.Qh4 
f4 23.Bd2 Bf6 24.Qf2 Rg8 25.Ke2 Bh3 26.Rcg1 Qe7 27.Be1 Qb7 28.Kd1 a6 29.
Rxg8 Rxg8 30.Rg1 Rc8 31.a4 Qf7 32.Kc1 Qe8 33.Qa2 Ra8 34.Qb2 Rb8 35.Qa3 Bd7
36.Qa2 Qh5 37.Qg2 Bh3 38.Qf2 Be7 39.Kd1 Nf7 40.d6 Nxd6 41.Nd5 Bd8 42.a5 
bxa5 43.Qxc5 Qxf3+ 44.Kc2 Bg4 45.Rxg4 Qxg4 46.Qxd6 Rc8 47.Qxd8 Qg2+ 48.Bd2
Rxd8 0-1

[Event "Xtracon Chess Open 2018"]
[Site "Elsinore"]
[Date "2018.07.27"]
[Round "8"]
[White "Pedersen, Lars Wisler"]
[Black "Stray, Gunnar"]
[Result "1/2-1/2"]
[WhiteElo "1856"]
[BlackElo "2048"]
[EventDate "2018.07.21"]
[WhiteFideId "1417045"]
[BlackFideId "1501631"]

1.e4 c5 2.Nf3 e6 3.b3 a6 4.Bb2 Nc6 5.c4 Qc7 6.g3 Nf6 7.Qe2 e5 8.Nc3 d6 9.
Nd5 Qd8 10.Bg2 Be7 11.d3 b5 12.O-O O-O 13.Ne1 Bd7 14.Nc2 Nxd5 15.cxd5 Nd4 
16.Nxd4 cxd4 17.Rac1 Qb6 18.Rc2 Rfc8 19.Rfc1 Bg5 20.Rxc8+ Rxc8 21.Rxc8+ 
Bxc8 22.Qc2 Qc5 23.Qxc5 dxc5 24.h4 Bd2 25.Kf1 b4 26.Ke2 Bc3 27.Bc1 h6 28.
f4 f6 29.f5 Bd7 30.g4 Kf7 31.h5 Bb5 32.Bf1 1/2-1/2

[Event "Xtracon Chess Open 2018"]
[Site "Elsinore"]
[Date "2018.07.27"]
[Round "8"]
[White "Agustsson, Hafsteinn"]
[Black "Mortensen, Rogvi"]
[Result "0-1"]
[WhiteElo "1844"]
[BlackElo "2047"]
[EventDate "2018.07.21"]
[WhiteFideId "2302047"]
[BlackFideId "7202369"]

1.d4 Nf6 2.c4 e6 3.Nc3 Bb4 4.Qc2 O-O 5.e3 c5 6.Bd3 d5 7.a3 cxd4 8.exd4 
dxc4 9.Be2 Be7 10.Nf3 a6 11.Bxc4 b5 12.Be2 Nc6 13.Nxb5 Bb7 14.d5 Nxd5 15.
Nc3 Nxc3 16.Qxc3 Bf6 17.Qd3 Qe7 18.Rb1 Rfd8 19.Qe3 Nd4 20.O-O Rac8 21.Rd1 
Nxe2+ 22.Qxe2 Rxd1+ 23.Qxd1 Be4 24.Ra1 Qb7 0-1

[Event "Xtracon Chess Open 2018"]
[Site "Elsinore"]
[Date "2018.07.27"]
[Round "8"]
[White "Hansen, Svein E"]
[Black "Poulsen, Knud"]
[Result "1-0"]
[WhiteElo "2041"]
[BlackElo "1760"]
[EventDate "2018.07.21"]
[WhiteFideId "1519727"]
[BlackFideId "1422324"]

1.d4 d5 2.c4 e6 3.Nc3 Nf6 4.Bg5 Be7 5.Nf3 Nc6 6.e3 O-O 7.Bd3 b6 8.Qa4 Na5 
9.cxd5 Nxd5 10.Nxd5 exd5 11.Bxe7 Qxe7 12.O-O f6 13.Rac1 c6 14.b4 Nc4 15.
Bxc4 b5 16.Bxb5 cxb5 17.Qxb5 Qe6 18.Qc6 Rb8 19.Qxe6+ Bxe6 20.Rc6 Kf7 21.
Rc7+ Kg8 22.a3 a6 23.Rfc1 Bf5 24.R1c5 Rfc8 25.Rxc8+ Rxc8 26.Rxc8+ Bxc8 27.
Nd2 Bf5 28.f3 Bd3 29.e4 Kf7 30.Kf2 Ke6 31.Nb3 Bc4 32.Nc5+ Kd6 33.Ke3 Bf1 
34.g3 h5 35.Na4 g5 36.Nc3 dxe4 37.fxe4 Bg2 38.h4 Bh3 39.Nd5 f5 40.Nf6 f4+ 
41.gxf4 gxh4 42.Nxh5 Bg2 43.Nf6 Kc6 44.d5+ Kc7 45.Kf2 Bh3 46.e5 Bf5 47.Kf3
Bh3 48.Ne4 Bf5 49.Nc5 h3 50.Kg3 Kb6 51.e6 1-0

[Event "Xtracon Chess Open 2018"]
[Site "Elsinore"]
[Date "2018.07.27"]
[Round "8"]
[White "Satre, Roger"]
[Black "Andersson, Lars"]
[Result "1/2-1/2"]
[WhiteElo "1834"]
[BlackElo "2022"]
[EventDate "2018.07.21"]
[WhiteFideId "1510320"]
[BlackFideId "1706772"]

1.e4 c6 2.d4 d5 3.Nc3 dxe4 4.Nxe4 Bf5 5.Ng3 Bg6 6.h4 h6 7.Nf3 Nd7 8.h5 Bh7
9.Bd3 Bxd3 10.Qxd3 e6 11.Bd2 Ngf6 12.O-O-O Be7 13.Ne4 Nxe4 14.Qxe4 Nf6 15.
Qe5 Qd5 16.Qxd5 1/2-1/2

[Event "Xtracon Chess Open 2018"]
[Site "Elsinore"]
[Date "2018.07.27"]
[Round "8"]
[White "Roder, Peter Ulrik"]
[Black "Stam, Bart"]
[Result "1/2-1/2"]
[WhiteElo "2021"]
[BlackElo "1845"]
[EventDate "2018.07.21"]
[WhiteFideId "1402471"]
[BlackFideId "1006240"]

1.c4 Nf6 2.Nc3 e6 3.g3 d5 4.d4 Be7 5.Bg2 O-O 6.cxd5 exd5 7.Nf3 c6 8.O-O 
Re8 9.Ne5 Nbd7 10.Nd3 Bd6 11.Bf4 Bxf4 12.Nxf4 Nb6 13.b3 Bf5 14.Qd2 Qd6 
1/2-1/2